-- "and the" -- band names click quiz - Statistics

General Stats
  • This quiz has been taken 124 times
  • The average score is 11 of 15
Answer Stats
Hint Answer % Correct
Kool and the Gang
91%
Bob Marley and the Wailers
89%
Tom Petty and the Heartbreakers
88%
Joan Jett and the Blackhearts
84%
Bruce Springsteen and the E Street Band
84%
Siouxsie and the Banshees
79%
Huey Lewis and the News
79%
Sly and the Family Stone
76%
Katrina and the Waves
76%
Echo and the Bunnymen
73%
Iggy Pop and the Stooges
71%
Nick Cave and the Bad Seeds
69%
Gladys Knight and the Pips
62%
Frank Zappa and the Mothers of Invention
61%
Lloyd Cole and the Commotions
53%
No matching quizzes found
Score Distribution
Percent of People with Each Score
Percentile by Number Answered
Your Score History
You have not taken this quiz